|
|
|
|
| LEADER |
00000nam0a2200000 4500 |
| 001 |
681959 |
| 005 |
20250929092007.0 |
| 090 |
|
|
|a 681959
|
| 100 |
|
|
|a 20250929d1977 km|y0rusy50 ca
|
| 101 |
0 |
|
|a rus
|
| 102 |
|
|
|a EE
|
| 105 |
|
|
|a a z 001yy
|
| 181 |
|
0 |
|a i
|b e
|
| 182 |
|
0 |
|a n
|
| 183 |
|
0 |
|a nc
|2 RDAcarrier
|
| 200 |
1 |
|
|a Инфракрасные и масс-спектры ненасыщенных углеводородов
|f С. А. Ранг, О. Г. Эйзен, А.-М. А. Мюрисепп
|g Институт химии АН Эстонской ССР
|
| 203 |
|
|
|a Текст
|b визуальный
|c непосредственный
|
| 210 |
|
|
|a Таллин
|c Валгус
|d 1977
|
| 215 |
|
|
|a 616 с.
|c ил.
|e 6 л.
|
| 283 |
|
|
|a volume
|2 RDAcarrier
|
| 320 |
|
|
|a Литература: с. 612-616
|
| 606 |
|
|
|a Углеводороды ненасыщенные
|x Спектры
|9 87485
|
| 610 |
1 |
|
|a инфракрасные спектры
|
| 610 |
1 |
|
|a масс-спектры
|
| 610 |
1 |
|
|a корреляция
|
| 610 |
1 |
|
|a молекулы
|
| 610 |
1 |
|
|a структура
|
| 610 |
1 |
|
|a диссоциативная ионизация
|
| 610 |
1 |
|
|a изомерные углеводороды
|
| 610 |
1 |
|
|a идентификация
|
| 610 |
1 |
|
|a схемы
|
| 675 |
|
|
|a 547.31
|v 4
|
| 700 |
|
1 |
|a Ранг С. А.
|
| 701 |
|
1 |
|a Эйзен
|b О. Г.
|
| 701 |
|
1 |
|a Мюрисепп
|b А.-М. А.
|
| 712 |
0 |
2 |
|a Академия наук Эстонской ССР
|b Институт химии
|4 570
|9 25737
|
| 801 |
|
0 |
|a RU
|b 63413507
|c 20250929
|
| 830 |
|
|
|a Ретро2025Каталогизация Шило
|
| 850 |
|
|
|a 63413507
|
| 942 |
|
|
|c BK
|